000 01121nam a2200253Ia 4500
003 GCL
008 140319s9999 xx 000 0 ara d
020 _a9997259977
040 _aGCL /
_cGCL
082 0 4 _aق
_b962
_bر م
100 1 _aرافت غنيمى الشيخ
245 1 0 _aمصر والسودان :
_bفى العلاقات الدولية /
_cرافت غنيمى الشيخ
260 _aالقاهرة :
_bعالم الكتب
300 _a446 ص ؛
_c24 سم
490 _aمكتبة الدراسات التاريخية والعلاقات الدولية
_v4
650 0 4 _aمصر - تاريخ
650 0 4 _aالسودان - العلاقات الخارجية
650 0 4 _aالسودان - تاريخ
650 0 4 _aمصر - تاريخ - العصر الحديث - الثورة العرابية
650 0 4 _aمصر - العلاقات الخارجية
650 0 4 _aالسودان - تاريخ - العصر الحديث - الثورة المهدية ( 1882 - 1899 )
650 0 4 _aالسودان - تاريخ - العصر الحديث - الحكم المصرى البريطانى
942 _2ddc
_cBK
999 _c52237
_d52237